书目信息 |
| 题名: |
化工小商品生产法
|
|
| 作者: | 黄圣衡 编著 | |
| 分册: | 第五集 | |
| 出版信息: | 长沙 湖南科学技术出版社 1991.1 |
|
| 页数: | 220页 | |
| 开本: | 19cm | |
| 丛书名: | ||
| 单 册: | ||
| 中图分类: | TQ-62 | |
| 科图分类: | 81.17 | |
| 主题词: | 化学工业 | |
| 电子资源: | ||
| ISBN: | 7-5357-0683-5 | |
| 000 | 00670nam 2200229 45 | |
| 001 | 0191011311 | |
| 005 | 20051212081258.65 | |
| 010 | @a7-5357-0683-5@dCNY3.20 | |
| 100 | @a19910529d1991 em y0chiy0121 ea | |
| 101 | 0 | @achi |
| 102 | @aCN@b430000 | |
| 105 | @ay z 000yy | |
| 200 | 10 | @a化工小商品生产法@AHUA GONG XIAO SHANG PIN SHENG CHAN FA@h第五集@f黄圣衡编著@FHuang Sheng Heng Bian Zhu |
| 210 | @a长沙@c湖南科学技术出版社@d1991.1 | |
| 215 | @a220页@d19cm | |
| 540 | 1 | @a化工 小商品@AHUA GONG XIAO SHANG PIN |
| 606 | 0 | @a化学工业 |
| 690 | @aTQ-62 | |
| 692 | @a81.17 | |
| 701 | 0 | @a黄圣衡@4编著 |
| 801 | 0 | @aCN@bNLC@c20051212 |
| 905 | @f1@b246735@dTQ-62@e15:5 | |
| 化工小商品生产法.第五集/黄圣衡编著.-长沙:湖南科学技术出版社,1991.1 |
| 220页;19cm |
| ISBN 7-5357-0683-5:CNY3.20 |
| ● |
| 相关链接 |
|
|
|
|
正题名:化工小商品生产法
索取号:TQ-62/15:5
 
预约/预借
| 序号 | 登录号 | 条形码 | 馆藏地/架位号 | 状态 | 备注 |
| 1 | 0246734 | 202164754 | 密集书库/ [索取号:TQ-62/15:5] | 在馆 | |
| 2 | 0246735 | 001646268 | 第三借阅区/ [索取号:TQ-62/15:5] | 在馆 | |
| 3 | 0246736 | 001646302 | 第二样本阅览室/ [索取号:TQ-62/15:5] | 在馆 |